Charles Dickens Characters Quiz Stats

Quiz Updated Aug 13, 2013

Challenge
Share
Tweet
Embed
Score 0/20 Timer 05:00
9 Plays Today
% Correct
Ebenezer Scrooge
96.2%
Pip
92.9%
Samuel Pickwick
92.6%
The Artful Dodger
91.8%
Fagin
90.6%
Estella Havisham
88.2%
Bill Sikes
85.8%
Wilkins Micawber
83.7%
Uriah Heep
82.7%
Abel Magwitch
82.7%
% Correct
Little Nell
82%
Mr Bumble
81.2%
Betsey Trotwood
77.4%
Seth Pecksniff
74.6%
Daniel Quilp
70.1%
Joe Gargery
68.1%
Sydney Carton
65.2%
Augustus Snodgrass
62.6%
Sam Weller
50.5%
Luke Honeythunder
38.6%

You're not logged in!

Compare scores with friends on all Sporcle quizzes.
Sign Up with Email
OR
Log In

You Might Also Like...

Show Comments

Extras

Top Quizzes Today


Score Distribution

Your Account Isn't Verified!

In order to create a playlist on Sporcle, you need to verify the email address you used during registration. Go to your Sporcle Settings to finish the process.